| 000 | 00666nam a2200241Ia 4500 | ||
|---|---|---|---|
| 003 | OSt | ||
| 005 | 20220918220626.0 | ||
| 006 | a|||||r|||| 00| 0 | ||
| 007 | ta | ||
| 008 | 220917b |||||||| |||| 00| 0 eng d | ||
| 024 | _a146,581 | ||
| 037 | _cTextual | ||
| 040 |
_aARTS _cARTS _beng |
||
| 041 |
_2eng _aeng |
||
| 082 | _aY48:78, N6 | ||
| 100 |
_aAberbach David _976085 |
||
| 245 | 0 |
_aCharisma in politics religion & the media _b Private trauma public ideals |
|
| 260 |
_aHampshire _bMacmillan _c1996 |
||
| 300 |
_axiv, 121p. _ccm. |
||
| 650 | _aSOCIOLOGY | ||
| 942 |
_hY48:78, N6 _cTEXL _2CC |
||
| 999 |
_c269337 _d269337 |
||